000 00429nam a22001577a 4500
005 20251121113112.0
008 251121b |||||||| |||| 00| 0 eng d
020 _a979-8-88715-313-1
100 _aSEBASTIAN, BRUCE
245 _aSEED QUALITY
260 _aDUBLIN
_bORYSON PRESS
_c2024
300 _aVI, 290P.
500 _aINCLUDES INDEX
650 _a1. SEEDS- QUALITY 2. SEEDS -TESTING 3. SEED TCHNOLOGY
942 _2lcc
_cBK
999 _c216251
_d216251